The best of Avram Davidson /

Bibliographic Details
Main Author: Davidson, Avram
Other Authors: Kurland, Michael
Format: Book
Language:English
Published: Garden City, N.Y. : Doubleday, 1979.
Edition:1st ed.

MARC

Tag First Indicator Second Indicator Subfields
LEADER 00000cam a2200000 i 4500
001 in00000146513
005 20170501141857.0
008 790208s1979 nyu 00011 eng
010 |a  74027579  
020 |a 0385013841 :  |c $7.95 
035 |a (OCoLC)04538178 
035 |9 AAQ7022AM 
040 |a DLC  |c DLC  |d TXA  |d UtOrBLW 
049 |a TXAM [Also in] [Sp Coll]  |c 1 [978466]  |a TXAS  |c 2 [1404631] 
050 0 0 |a PZ4.D2493  |b Be  |a PS3554.A924 
082 0 |a 813/.5/4 
090 |a PS3554.A924  |b B47 1979 
100 1 |a Davidson, Avram. 
245 1 4 |a The best of Avram Davidson /  |c edited by Michael Kurland. 
250 |a 1st ed. 
264 1 |a Garden City, N.Y. :  |b Doubleday,  |c 1979. 
300 |a xii, 210 pages ;  |c 22 cm. 
336 |a text  |b txt  |2 rdacontent 
337 |a unmediated  |b n  |2 rdamedia 
338 |a volume  |b nc  |2 rdacarrier 
505 0 |a Beagle, P. Foreword.--Kurland, M. Introduction.--Or the grasses grow.--The golem.--Kings's evil.--The ogre.--The phoenix and the mirror, chapter 8.--The Trefoil Company.--What strange stars and skies.--The necessity of his condition.--The sources of the Nile.--The unknown law.--Now let us sleep.--Help! I am Dr. Morris Goldpepper.--Afterword. 
700 1 |a Kurland, Michael. 
999 |a MARS 
999 f f |s fe9370e5-1636-396f-b774-1e92bcf8e94e  |i cd1856f7-ac37-376e-887b-363c73992466  |t 0 
952 f f |p ric  |a Texas A&M University  |b Rellis Campus  |c Joint Library Facility  |s JLF  |d Remote Storage  |t 0  |e PS3554.A924 B47 1979  |h Library of Congress classification  |i unmediated -- volume  |m A14804308392 
998 f f |a PS3554.A924 B47 1979  |t 0  |l Remote Storage